| 000 | 00606nam a22002057a 4500 | ||
|---|---|---|---|
| 005 | 20250716114953.0 | ||
| 010 | _aENG-145990 | ||
| 020 | _a9354550487 | ||
| 020 |
_a9789354550485 _c1650.00 |
||
| 035 | _aEN-129522 | ||
| 037 | _bDBAD | ||
| 082 | _a954.9205 | ||
| 100 |
_aBaruah, U.L. _983031 |
||
| 245 |
_aA Bangladesh War Commentary: _b1971 Radio Dispatches/ _cU.L. Baruah |
||
| 260 |
_aNew Delhi _bMacmillan Publishers _c2021 |
||
| 270 |
_a2/10, Ansari Road, Daryaganj _bNew Delhi _e110002 |
||
| 300 |
_a148p. _c24cm (pb) |
||
| 700 | _924920 | ||
| 942 |
_2ddc _cEN _mBAR _h954.9205 |
||
| 999 |
_c212392 _d212392 |
||